书目信息 |
| 题名: |
近代工程师群体的“民间领袖”
|
|
| 作者: | 房正 著 | |
| 分册: | ||
| 出版信息: | 北京 经济日报出版社 2014 |
|
| 页数: | 220页 | |
| 开本: | 25cm | |
| 丛书名: | 学术之星文库 | |
| 单 册: | ||
| 中图分类: | T-262 | |
| 科图分类: | ||
| 主题词: | 工程师--学会--研究--中国--1912-1950 | |
| 电子资源: | ||
| ISBN: | 978-7-80257-649-0 | |
| 000 | 00887oam2 2200253 450 | |
| 001 | 012015000189 | |
| 005 | 20150914103145.43 | |
| 010 | @a978-7-80257-649-0@b精装@dCNY68.00 | |
| 100 | @a20141017d2014 em y0chiy50 ea | |
| 101 | 0 | @achi |
| 102 | @aCN@b110000 | |
| 105 | @ay z 000yy | |
| 106 | @ar | |
| 200 | 1 | @a近代工程师群体的“民间领袖”@Ajin dai gong cheng shi qun ti de“min jian ling xiu”@e中国工程师学会研究@e1912-1950@f房正著 |
| 210 | @a北京@c经济日报出版社@d2014 | |
| 215 | @a220页@d25cm | |
| 225 | 1 | @a学术之星文库 |
| 330 | @a本书分四章,分别为中国早期工程技术群体的演进、中国工程师学会的历史沿革、中国工程师学会的组织与运作、中国工程师学会的历史贡献。 | |
| 461 | 0 | @12001 @a学术之星文库 |
| 606 | 0 | @a工程师@x学会@x研究@y中国@z1912-1950 |
| 690 | @aT-262@v5 | |
| 701 | 0 | @a房正@Afang zheng@4著 |
| 801 | 0 | @aCN@b碧洲教育@c20150720 |
| 905 | @a10447@f4@dT-262@e104 | |
| 近代工程师群体的“民间领袖”:中国工程师学会研究:1912-1950/房正著.-北京:经济日报出版社,2014 |
| 220页;25cm.-(学术之星文库) |
| ISBN 978-7-80257-649-0(精装):CNY68.00 |
| 本书分四章,分别为中国早期工程技术群体的演进、中国工程师学会的历史沿革、中国工程师学会的组织与运作、中国工程师学会的历史贡献。 |
| ● |
| 相关链接 |
|
|
|
|
正题名:近代工程师群体的"民间领袖"
索取号:T-262/104
 
预约/预借
| 序号 | 登录号 | 条形码 | 馆藏地/架位号 | 状态 | 备注 |
| 1 | 0870324 | 208703241 | 第二样本阅览室/ [索取号:T-262/104] | 在馆 | |
| 2 | 0870325 | 208703250 | 第三借阅区/ [索取号:T-262/104] | 在馆 | |
| 3 | 0870326 | 208703269 | 第三借阅区/ [索取号:T-262/104] | 在馆 | |
| 4 | 0870327 | 208703278 | 第三借阅区/ [索取号:T-262/104] | 在馆 |